000 00304nam a2200133Ia 4500
100 _aWasiloff/ Thomas
942 _cBK
654 _aMachine shop
245 _aMachine shop-drill press
260 _bAmerican Technical Society
_aChicago
_c1976
082 _a670.423
300 _a258
546 _aENGLISH
999 _c24364
_d24364